000 00326nam a2200097Ia 4500
005 20250424112824.0
008 250424s9999 xx 000 0 und d
300 _a43 p. :ill. ; 29 cm.l
650 _a Shipping--Africa, West--Periodicals. Harbors--Africa, West--Periodicals. Africa, West--Commerce--Periodicals.
942 _cSR
999 _c37326
_d37326